| 000 | 00990cam a2200265 a 4500 | ||
|---|---|---|---|
| 001 | 16694788 | ||
| 005 | 20170105102910.0 | ||
| 008 | 110316s2011 dcu b 001 0 eng | ||
| 010 | _a 2011009881 | ||
| 020 | _a9781596981522 | ||
| 040 |
_aDLC _cDLC _dDLC |
||
| 043 | _an-us--- | ||
| 050 | 0 | 0 |
_aHV6432 _b.S714 2011 |
| 082 | 0 | 0 |
_a363.3250973 _222 |
| 100 | 1 | _aStakelbeck, Erick. | |
| 245 | 1 | 4 |
_aThe terrorist next door : _bhow the government is deceiving you about the Islamist threat / _cErick Stakelbeck. |
| 260 |
_aWashington, D.C. : _bRegnery Pub. ; _aNew York : _bDistributed to the trade by Perseus Distribution, _cc2011. |
||
| 300 |
_axiv, 272 p. ; _c24 cm. |
||
| 504 | _aIncludes bibliographical references and index. | ||
| 650 | 0 |
_aTerrorism _zUnited States. |
|
| 650 | 0 |
_aTerrorism _xReligious aspects _xIslam. |
|
| 906 |
_a7 _bcbc _corignew _d1 _eecip _f20 _gy-gencatlg |
||
| 942 |
_2ddc _cBK |
||
| 999 |
_c15074 _d15074 |
||